<?xml version="1.0" encoding="UTF-8"?>
<collection xmlns="http://www.loc.gov/MARC21/slim">
<record>
  <controlfield tag="001">170993</controlfield>
  <controlfield tag="005">20260430151736.0</controlfield>
  <datafield tag="024" ind1="7" ind2=" ">
    <subfield code="2">doi</subfield>
    <subfield code="a">10.20318/eunomia.2026.10371</subfield>
  </datafield>
  <datafield tag="024" ind1="8" ind2=" ">
    <subfield code="2">sideral</subfield>
    <subfield code="a">149074</subfield>
  </datafield>
  <datafield tag="037" ind1=" " ind2=" ">
    <subfield code="a">ART-2026-149074</subfield>
  </datafield>
  <datafield tag="041" ind1=" " ind2=" ">
    <subfield code="a">spa</subfield>
  </datafield>
  <datafield tag="100" ind1=" " ind2=" ">
    <subfield code="a">Bernuz Beneitez, María José</subfield>
    <subfield code="u">Universidad de Zaragoza</subfield>
    <subfield code="0">(orcid)0000-0001-7723-5172</subfield>
  </datafield>
  <datafield tag="245" ind1=" " ind2=" ">
    <subfield code="a">Explicar el delito y el castigo. La motivación de las sentencias en la justicia de menores</subfield>
  </datafield>
  <datafield tag="260" ind1=" " ind2=" ">
    <subfield code="c">2026</subfield>
  </datafield>
  <datafield tag="520" ind1="3" ind2=" ">
    <subfield code="a">El texto analiza el sentido de la motivación en las sentencias en la justicia de menores, destacando su papel en la transparencia, legitimidad y percepción de justicia por parte de los adolescentes. De forma genérica, la Constitución española exige la motivación de las sentencias para garantizar su racionalidad. En la justicia de menores, esta motivación adquiere un valor añadido de carácter pedagógico, que puede contribuir a que los adolescentes comprendan el castigo, la protección de los bienes jurídicos que implica la tipificación penal de un comportamiento y, en definitiva, a consolidar una cultura de la legalidad entre quienes han cometido delitos. Dado que los menores de edad tienen un pensamiento más impulsivo y a corto plazo, la forma en que se les comunica la decisión es clave para la aceptación de la decisión y la responsabilización por los hechos cometidos. La falta de claridad en la comunicación puede generar desconfianza y percepción de injusticia, condicionando su cooperación con el sistema. Por ello, se defiende la incorporación de una «perspectiva de infancia» en la justicia, que adapte el lenguaje y los procedimientos a este grupo de población. Para verificar el estado de la cuestión en la práctica, se ha realizado un estudio exploratorio con sentencias de juzgados de menores de diferentes provincias. El objetivo es abrir un debate sobre la necesidad de identificar métodos que mejoren la comprensión y aceptación de las decisiones judiciales por parte de las personas menores de edad.</subfield>
  </datafield>
  <datafield tag="506" ind1="0" ind2=" ">
    <subfield code="a">Access copy available to the general public</subfield>
    <subfield code="f">Unrestricted</subfield>
  </datafield>
  <datafield tag="540" ind1=" " ind2=" ">
    <subfield code="9">info:eu-repo/semantics/openAccess</subfield>
    <subfield code="a">by-nc-nd</subfield>
    <subfield code="u">https://creativecommons.org/licenses/by-nc-nd/4.0/deed.es</subfield>
  </datafield>
  <datafield tag="655" ind1=" " ind2="4">
    <subfield code="a">info:eu-repo/semantics/article</subfield>
    <subfield code="v">info:eu-repo/semantics/publishedVersion</subfield>
  </datafield>
  <datafield tag="710" ind1="2" ind2=" ">
    <subfield code="1">4010</subfield>
    <subfield code="2">381</subfield>
    <subfield code="a">Universidad de Zaragoza</subfield>
    <subfield code="b">Dpto. Dcho.Pe.,Filos.D.e Hª D.</subfield>
    <subfield code="c">Área Filosofía del Derecho</subfield>
  </datafield>
  <datafield tag="773" ind1=" " ind2=" ">
    <subfield code="g">30 (2026), 12-34</subfield>
    <subfield code="p">Eunomía (Valencia)</subfield>
    <subfield code="t">Eunomía (Valencia)</subfield>
    <subfield code="x">2253-6655</subfield>
  </datafield>
  <datafield tag="856" ind1="4" ind2=" ">
    <subfield code="s">462434</subfield>
    <subfield code="u">http://zaguan.unizar.es/record/170993/files/texto_completo.pdf</subfield>
    <subfield code="y">Versión publicada</subfield>
  </datafield>
  <datafield tag="856" ind1="4" ind2=" ">
    <subfield code="s">1851259</subfield>
    <subfield code="u">http://zaguan.unizar.es/record/170993/files/texto_completo.jpg?subformat=icon</subfield>
    <subfield code="x">icon</subfield>
    <subfield code="y">Versión publicada</subfield>
  </datafield>
  <datafield tag="909" ind1="C" ind2="O">
    <subfield code="o">oai:zaguan.unizar.es:170993</subfield>
    <subfield code="p">articulos</subfield>
    <subfield code="p">driver</subfield>
  </datafield>
  <datafield tag="951" ind1=" " ind2=" ">
    <subfield code="a">2026-04-30-13:58:37</subfield>
  </datafield>
  <datafield tag="980" ind1=" " ind2=" ">
    <subfield code="a">ARTICLE</subfield>
  </datafield>
</record>
</collection>